| 000 | 01453nam a2200349 c 4500 | ||
|---|---|---|---|
| 003 | BLK | ||
| 005 | 20180420222907.0 | ||
| 008 | 180408b bul|||||r ||||||| ||bul|| | ||
| 010 | _aKNG00063915000 | ||
| 040 | _aBLK | ||
| 041 |
_aBUL _cBUL |
||
| 080 |
_aСъобщителна техника. Вж и 621.3.09. Организация и експлоатация на съобщенията вж 654 _b621.39 _x(035) _z621.39(035) |
||
| 100 | 1 |
_aАрабаджиян, Кеворк А. _eпърви автор _9289257 |
|
| 700 | 1 |
_aТашева, Емилия Е. _eсъавт. _9289258 |
|
| 700 | 1 |
_aМалезанов, Николай П. _eсъавт. _991585 |
|
| 139 |
_aАрабаджиян, Кеворк А. и др. _bА 80 |
||
| 245 | 1 | 0 |
_aМрежи и системи за пренасяне на данни _bРъководство _cКеворк А. Арабаджиян; съавт. Емилия Е. Ташева; съавт. Николай П. Малезанов. |
| 257 | _aBGR | ||
| 260 |
_аСофия _bТехника _c1979 |
||
| 300 |
_a272 с. _c22 см |
||
| 380 | _a62 | ||
| 500 | _aиблиогр. с. 264 - 268. | ||
| 650 | 4 |
_aСъобщителни линии и мрежи _9259486 |
|
| 653 | _aсъобщителни линии и мрежи | ||
| 653 | _aданни | ||
| 653 | _aръководства | ||
| 852 | _aЦб 100255 | ||
| 856 | 4 |
_qpdf _u |
|
| 856 | 4 |
_qpdf _u |
|
| 942 |
_cKNG _n0 |
||
| 944 |
_aCR _c13.06.2004 _kЧиталня |
||
| 944 |
_aED _c17.02.2012 _k |
||
| 999 |
_c59788 _d59788 |
||